000
00347nam a22001577a 4500
020
_a
978-81-8360-181-8
041
_a
ENG
100
_a
Prasad.R.K
245
_a
Non Conventional Energy Sources
250
_a
4 th Editon
260
_a
New Delhi
_b
Jain Brothers
_c
2014
300
_a
608
650
_a
EOES
700
_a
Ojha.T.P
856
_u
EOES
999
_c
74
_d
74